000 01177cam a2200229 4500
001 ##L135394
008 061023n2006 000 0 eng u
035 _a(Sirsi) u135394
041 0 _aeng
050 0 4 _a631.2 $2 18
100 1 _aGaskell, Peter
245 0 0 _aHistoric farm buildings
_bconstructing the evidence base
260 _aLondon
_bEnglish Heritage
_aLondon
_bCountryside Agency
_c2006
520 _aReports on research undertaken into the nature, condition and management of English historic farmsteads. The study aimed to provide baseline data on the character and management of, and threats to, listed agricultural buildings in rural areas and to determine the factors that precipitate change in management of the historic farm building resource. Tables and figures. References.
590 _aIKA311006
651 4 _aEngland
_y886-
690 _aPROPERTY-RURAL AND NATURAL ASSETS-AGRICULTURAL PROPERTY
700 1 _aOwen, Stephen
710 2 _aUniversity of Gloucestershire
_bCountryside and Community Research Unit
_95067
856 4 0 _uhttps://www.helm.org.uk/server/show/category.9190
_zView the report free of charge at www.helm.org.uk...
942 _n0
999 _c106040
_d106040